Lesníctvo nie je len mužská doména

Bibliographic Details
Main Authors: Henrich, Ján (Author, Interviewer), Kubičková, Elena (Author)
Format: Article
Language:Slovak
PhysicalDescription:Fotogr.
ISSN:1335-440X
Subjects:

MARC

LEADER 00000nab a2200000 ar4500
001 vtls009008110
003 SK-MaSNL
005 20260303065507.0
008 070718c20070706xo |||||||||||000 b|slo
015 |a SNBRB2007/07  |2 snkbucl 
038 |a SNKBUCL 
040 |a SNKBUCL  |b slo  |c SNKBUCL  |e AACR2 
041 0 |a slo 
044 |a xo  |c SK 
080 |a 630:061.237  |x (437.6)  |2 1997 
080 |a 630-055.2  |x (437.6)  |2 1997 
080 |a 630*94  |x (437.6)  |2 1997 
080 |a 334.788:630  |x (437.6)  |2 1997 
100 1 |a Henrich, Ján  |4 ivr  |4 aut  |9 427505 
245 1 0 |a Lesníctvo nie je len mužská doména  |c Ján Henrich, Elena Kubičková 
300 |b Fotogr. 
610 2 7 |a Slovenská lesnícka komora  |b Klub žien - lesníčok  |2 snkbucl  |9 1065621 
650 0 7 |a lesníctvo  |2 snkbucl  |9 1255 
650 0 7 |a ženy  |2 snkbucl  |9 4865 
650 0 7 |a lesníčky  |2 snkbucl  |9 58782 
700 1 |a Kubičková, Elena  |4 ive  |4 aut  |9 1065622 
773 0 |t Sme. Roľnícke noviny  |g Č. 154 (6.7.2007)  |x 1335-440X 
773 0 8 |i Príl.:  |t Roľnícke noviny  |g Č. 27 (6.7.2007), s. 12 
852 |a SNK  |b KIS3GCP 
958 |a SK 
999 |c 1751410  |d 1753340